| 000 | 00628nam a2200193 i 4500 | ||
|---|---|---|---|
| 001 | 105067 | ||
| 003 | ES-MaACL | ||
| 005 | 20230906183755.0 | ||
| 007 | t| | ||
| 008 | 060609s1965 fr ||||1| fre d | ||
| 080 | _a929 Montesquiou, Robert de | ||
| 100 | 1 |
_aJullian, Philippe. _967257 |
|
| 245 | 1 | 0 |
_aRobert de Montesquiou _b: un prince 1900 / _cPhilippe Jullian. |
| 260 |
_aParis : _bLibrairie Academique Perrin, _c[1965] |
||
| 300 |
_a394 p., [16] p. de lám. : _bil. ; _c21 cm. |
||
| 500 | _aBiblioteca Jacinto Martínez Lacalle. | ||
| 600 | 1 | 4 |
_aMontesquiou, Robert de. _982610 |
| 852 |
_aES-MaACL _jE-11258 _bR.139229 |
||
| 999 |
_c105067 _d105067 |
||